000 00537nam a2200193 a 4500
001 1769943201173
003 YourLibrary
005 20260201164119.0
008 260201s1989##################000#0#eng##
020 _a9780521359795
082 0 4 _a302.4824
_bMIL
100 1 _aMiller, Nicola,
_eauthor.
245 1 0 _aSoviet Relations with Latin America, 1959-1987 :
260 _bCambridge University Press,
_c1989.
300 _a268 pages
650 0 _aPolitical Science.
942 _cENGLISH
040 _aYourLibrary
_beng
_cYourLibrary
999 _c609920
_d609920